| 000 | 00533nam a2200217Ia 4500 | ||
|---|---|---|---|
| 003 | OSt | ||
| 005 | 20260525153351.0 | ||
| 008 | 210210b1991 xxu||||| |||| 00| 0 eng d | ||
| 020 | _a81 208 0572 0 | ||
| 040 | _cAL | ||
| 041 | _aEnglish | ||
| 082 | _aS891.2 KALS | ||
| 100 |
_aKALE (M R). _9264535 |
||
| 245 | _aSvapnavasavadatta of Bhasa. | ||
| 250 | _a3 | ||
| 260 |
_aDelhi. _bMotilal Banarsidass Publishers Pvt Ltd. _c1991 |
||
| 300 | _axxxix,168 | ||
| 690 |
_aSanskrit Drama _9264536 |
||
| 906 | _a050783 | ||
| 942 |
_2ddc _cBK |
||
| 999 |
_c99349 _d99349 |
||